000 00389 a2200145 4500
005 20250617064056.0
020 _a978-0-07-327380-8
082 _aLECT 361.320 STR
100 _aKRYSIK, J. L.
245 _aEthics in Social Work Research : A Primer to accompany
260 _aNew York,
_bMcGraw-Hill,
_c2007.
300 _a58p.
_bBibliography
_c22cm.
700 _aFINN, J.
942 _2ddc
_cBKS
999 _c4180
_d4180